Report Of The Finance Committee On The Request For Exemption From Payment Of Duties, Taxes, Levies, And Fees On Plant, Medical Equipment, Construction Materials, Vehicles And Other Accessories Required For The Gushiegu District Hospital Project Financed By Fortis Bank N.V. And Netherlands Development Finance Company (F.M.O) Of Netherlands. (Record no. 4478)

MARC details
000 -LEADER
fixed length control field 00765nam a22001697a 4500
003 - CONTROL NUMBER IDENTIFIER
control field OSt
005 - DATE AND TIME OF LATEST TRANSACTION
control field 20240905144948.0
008 - FIXED-LENGTH DATA ELEMENTS--GENERAL INFORMATION
fixed length control field 240905b |||||||| |||| 00| 0 eng d
041 ## - LANGUAGE CODE
Language code of text/sound track or separate title English
082 ## - DEWEY DECIMAL CLASSIFICATION NUMBER
Classification number CR/NDFC/06 Acc.no. 9806
110 ## - MAIN ENTRY--CORPORATE NAME
Corporate name or jurisdiction name as entry element Parliament Of Ghana
245 ## - TITLE STATEMENT
Title Report Of The Finance Committee On The Request For Exemption From Payment Of Duties, Taxes, Levies, And Fees On Plant, Medical Equipment, Construction Materials, Vehicles And Other Accessories Required For The Gushiegu District Hospital Project Financed By Fortis Bank N.V. And Netherlands Development Finance Company (F.M.O) Of Netherlands.
260 ## - PUBLICATION, DISTRIBUTION, ETC.
Place of publication, distribution, etc. Accra
Name of publisher, distributor, etc. Parliament Of Ghana
Date of publication, distribution, etc. 2006
300 ## - PHYSICAL DESCRIPTION
Extent 5p., tabs.;
650 ## - SUBJECT ADDED ENTRY--TOPICAL TERM
Source of heading or term Gushiegu District Hospital Project.
942 ## - ADDED ENTRY ELEMENTS (KOHA)
Source of classification or shelving scheme Dewey Decimal Classification
Koha item type Reports
Suppress in OPAC No
Holdings
Withdrawn status Lost status Source of classification or shelving scheme Damaged status Not for loan Home library Current library Shelving location Date acquired Total checkouts Full call number Date last seen Copy number Price effective from Koha item type
    Dewey Decimal Classification     Main Library Main Library Open Shelves 05/09/2024   CR/NDFC/06 Acc.no. 9806 C3 05/09/2024 3 05/09/2024 Reports
    Dewey Decimal Classification     Main Library Main Library Open Shelves 05/09/2024   CR/NDFC/06 Acc.no. 9805 C2 05/09/2024 2 05/09/2024 Reports
    Dewey Decimal Classification     Main Library Main Library Open Shelves 05/09/2024   CR/NDFC/06 Acc.no. 9804 C1 05/09/2024 1 05/09/2024 Reports
©2026  Parliament of Ghana Library - All rights reserved